000 01399nam0a2200373 4500
001 RU\NLR\b_ik\60378
005 20250616224428.0
035 _a(NLR Aleph) 002134889
090 _a2187461
_c2187461
100 _a19950127d1999 |||y0rusy50 ca
101 0 _arus
102 _aRU
105 _ay |||||||||
200 1 _aDie Kluft zwischen Ruβland und dem Westen
_eHist. Perspektive u. Szenarien
_fRoland Götz
210 _aKöln
_cBundesinst. für ostwiss. u. intern. Studien
_d1999
215 _a41 c.
_d29
225 1 _aBerichte des Bundesinst. für ostwiss. u. intern. Studien
_x0435-7183
_v1999 N 15
300 _aРез. на англ. яз
320 _aБиблиогр. в подстроч. примеч
541 0 _aРазрыв между Россией и Западом.
607 _aРоссия
_xВзаимоотношения
_yЗарубежные страны
_92315764
_3RU\NLR\AUTH\661385673
607 _aЗарубежные страны
_xВзаимоотношения
_yРоссия
_92315767
_3RU\NLR\AUTH\661385675
686 1 _aТ3(2)0-64(0)
686 1 _aТ3(0)0-64(2)
686 1 _aУ9(2)8(2Р)
700 1 _aGötz
_bRoland
_f1943
_4070
801 0 _aRU
_bNLR
_c19950127
_gPSBO
801 1 _aRU
_bNLR
_c20011025
852 _aNLR
_jP23/2607
942 _cBOOK
980 _aNB